| 000 | 00821nam a2200253 i 4500 | ||
|---|---|---|---|
| 001 | 200439738 | ||
| 999 |
_c200439738 _d57950 |
||
| 003 | TR-AnTOB | ||
| 005 | 20240902101742.0 | ||
| 007 | ta | ||
| 008 | 210225b tu g 00| 0 tur d | ||
| 040 |
_aTR-AnTOB _beng _erda _cTR-AnTOB |
||
| 041 | 0 | _atur | |
| 050 | 1 | 4 |
_aHD9000.5 _b.M35 |
| 090 |
_aTOBBK HD9000.5 _b.M35 |
||
| 245 | 0 | 0 | _aMalatya kayısı işleme değerlendirme imkanları araştırması. |
| 264 | 1 |
_aAnkara: _bTürk Mühendislik, Müşavirlik ve Müteahhitlik. _c[date of publication not identified] |
|
| 300 |
_a193 pages : _btables ; _c30 cm |
||
| 336 |
_atext _btxt _2rdacontent |
||
| 337 |
_aunmediated _bn _2rdamedia |
||
| 338 |
_avolume _bnc _2rdacarrier |
||
| 650 | 7 |
_aDoğal besin endüstrisi _2etuturkob _967439 |
|
| 942 |
_2z _cBK |
||